000 00707nam a2200169Ia 4500
008 090711s9999 xx 000 0 und d
082 _b46305
100 _aकेतकर वेंकटेश बापूजी
245 _aगोलव्दय प्रश्नविमर्श
260 _bदत्तात्रय वेंकटेश केतकर
_c1934
300 _a80
600 _aकेतकर वेंकटेश बापूजी
630 _aगोलव्दय प्रश्नविमर्श
700 _aकेतकर वेंकटेश बापूजी
730 _aगोलव्दय प्रश्नविमर्श
942 _cBOOK
999 _c325445
_d325445